00861nam a2200241 a 450000100060000000300080000600500170001400800410003103500200007204000260009204100080011808200220012610000370014824500950018526000360028030000350031650400370035165000240038870000290041294200150044199900170045695201460047343860BD-RjUL20211209053749.0160628s1990 nyua|||| b||| 001 0 eng d a(BD-RjUL) 43978 aBD-RjULbengcBD-RjUL aeng 223a330bMCE 1990 a McConnell, Campbell R.9131292 aEconomics :bprinciples, problems, and policies /cCampbell R. McConnell, Stanley L Brue. aNew York :bMcGraw-Hill,c1990. axlii, 866 p. :bill. ;c25 cm. aIncludes bibliography and index aEconomics. 9134786 aBrue, Stanley L.9134787 2ddccBK01 c43860d43860 00102ddc40708NFICaRUCLbRUCLcStackd1994-01-05eAsia foundationl6o330 MCE 1990r2019-11-07 00:00:00s2019-10-20tC-2w2016-06-28yBK